How to stop the urban sprawl (Record no. 118177)

MARC details
000 -LEADER
fixed length control field 01898cam a2200313 4500
001 - CONTROL NUMBER
control field ABS68347
008 - FIXED-LENGTH DATA ELEMENTS--GENERAL INFORMATION
fixed length control field 041018n2004 000 0 eng u
035 ## - SYSTEM CONTROL NUMBER
System control number (Sirsi) u127731
100 ## - MAIN ENTRY--PERSONAL NAME
Personal name Dobie, A.
245 ## - TITLE STATEMENT
Title How to stop the urban sprawl
260 ## - PUBLICATION, DISTRIBUTION, ETC.
Date of publication, distribution, etc. 2004
490 ## - SERIES STATEMENT
Series statement RICS Business
Volume/sequential designation October 2004, 20-22(3)
520 ## - SUMMARY, ETC.
Summary, etc. Looks at the value of higher-density development as a means of limiting the effects of addressing the lack of housing supply through extensive house building and preserving the UK's scarce land resources. Government has chosen to solve the supply problem by increasing house building targets. The Campaign to Protect Rural England (CPRE) has warned that the new house building will go beyond the approved brownfield sites and encroach onto greenfield areas. RICS endorsed the community benefit of higher-density schemes in its final recommendations to the Barker review and CPRE agrees that there is much scope for new developments to be built at higher densities. RICS sees the importance of overcoming negative public perceptions of these schemes and summarises a range of views on how to make them happen. Provides two case studies. View the article at www.rics.org.
590 ## - LOCAL NOTE (RLIN)
Local note ABS
590 ## - LOCAL NOTE (RLIN)
Local note ABS
650 ## - SUBJECT ADDED ENTRY--TOPICAL TERM
Topical term or geographic name entry element WEST MALLING
650 ## - SUBJECT ADDED ENTRY--TOPICAL TERM
Topical term or geographic name entry element BRIGHTON
650 ## - SUBJECT ADDED ENTRY--TOPICAL TERM
Topical term or geographic name entry element HIGH DENSITY HOUSING
650 ## - SUBJECT ADDED ENTRY--TOPICAL TERM
Topical term or geographic name entry element HOUSING SUPPLY
650 ## - SUBJECT ADDED ENTRY--TOPICAL TERM
Topical term or geographic name entry element PPG3
650 ## - SUBJECT ADDED ENTRY--TOPICAL TERM
Topical term or geographic name entry element GREENFIELD SITES
650 ## - SUBJECT ADDED ENTRY--TOPICAL TERM
Topical term or geographic name entry element BROWNFIELD SITES
650 ## - SUBJECT ADDED ENTRY--TOPICAL TERM
Topical term or geographic name entry element HIGH DENSITY DEVELOPMENT
650 ## - SUBJECT ADDED ENTRY--TOPICAL TERM
Topical term or geographic name entry element URBAN SPRAWL
690 ## - LOCAL SUBJECT ADDED ENTRY--TOPICAL TERM (OCLC, RLIN)
Topical term or geographic name as entry element HOUSING-DEVELOPMENT
856 ## - ELECTRONIC LOCATION AND ACCESS
Uniform Resource Identifier <a href="https://www.rics.org/Property/Residentialproperty/Residentialpropertydevelopment/rics_bus_oct2004_urban.htm">https://www.rics.org/Property/Residentialproperty/Residentialpropertydevelopment/rics_bus_oct2004_urban.htm</a>
Public note View the article on the RICS websiteƯ
856 ## - ELECTRONIC LOCATION AND ACCESS
Uniform Resource Identifier <a href="https://www.rics.org/Property/Residentialproperty/Residentialpropertydevelopment/rics_bus_oct2004_urban.htm">https://www.rics.org/Property/Residentialproperty/Residentialpropertydevelopment/rics_bus_oct2004_urban.htm</a>
Public note View the article on the RICS websiteƯ
942 ## - ADDED ENTRY ELEMENTS (KOHA)
Suppress in OPAC 0
Holdings
Withdrawn status Lost status Source of classification or shelving scheme Damaged status Not for loan Home library Current library Shelving location Date acquired Total Checkouts Full call number Barcode Date last seen Copy number Price effective from Koha item type
    Dewey Decimal Classification     London London Journal article 18/10/2004   ABS68347 127731-1001 06/08/2019 1 06/08/2019 Journal article